| 000 | 00640nam a2200229 i 4500 | ||
|---|---|---|---|
| 001 | bg | ||
| 100 | 1 | _aEVANS, Virginia | |
| 245 | 1 | 0 |
_aSuccessful writing : _bupper-intermediate / _cVirginia Evans. |
| 250 | _a2nd impr. | ||
| 260 |
_aSwansea : _bExpress Publ., _c1998. |
||
| 300 |
_a116 s. : _bfot. , rys. kolor. ; _c27 cm + _e1 kaseta dźw. |
||
| 650 | 9 |
_aJęzyk angielski _xpisownia |
|
| 650 | 9 |
_aJęzyk angielski _xnauczanie |
|
| 655 | _aPodręczniki | ||
| 020 | _a9603611069 | ||
| 040 | _cBPK | ||
| 041 | 0 | _aen | |
| 080 | _a811.111'35(07) | ||
| 920 | _a960-361-106-9 | ||
| 942 | _cKS | ||
| 008 | s pl f |000 0 pol | ||
| 999 |
_c33828 _d33828 |
||